000 00640nam a22002057a 4500
005 20251108174949.0
008 250721s2011 xx 000 0 ara d
082 1 4 _a923.1/جلا
100 1 _aجلال، حسن
_eمؤلف
245 1 0 _aحياة نابليون بونابرت /
264 1 _aالجيزة :
_bالدار العالمية للكتب و النشر،
_c2011.
300 _a475ص.
650 1 7 _aرؤساء الدول
650 1 7 _aتاريخ فرنسا
650 1 7 _aالثورة الفرنسية
650 1 7 _aالتراجم
653 _aعهد نابليون بونابرت
942 _2ddc
_cBK
999 _c122649
_d122649